Statistiken für Conference League Torschützen 2021/2022

Klicken Sie hier um das Quiz zu spielen!

Allgemein

  • Dieses Quiz wurde 91 mal gespielt
  • Das Durchschnittsergebnis liegt bei 2 aus 9

Antwortstatistiken

ToreVereinSpieler% Korrekt
9AS RomTammy Abraham
85%
5AS RomNicolò Zaniolo
43%
10Feyenoord RotterdamCyriel Dessers
23%
6Feyenoord RotterdamLuis Sinisterra
20%
5FC BaselArthur Cabral
18%
6FK Bodø/GlimtOla Solbakken
13%
5Stade RennesGaëtan Laborde
11%
5FK Bodø/GlimtAmahl Pellegrino
9%
6Slavia PragYira Sor
8%

Verteilung der Resultate

Perzentil nach korrekt beantworteten Fragen

Anzahl Personen mit jedem Resultat

Ihre Resultats-Entwicklung

Sie haben dieses Quiz noch nicht gespielt